STN EN 12225: 2002 (80 6147), Geotextílie a geotextíliám podobné výrobky. Zisťovanie odolnosti proti mikroorganizmom pomocou skúšky zahrabávaním do pôdy
| Other Authors: | |
|---|---|
| Format: | Book |
| Language: | Czech Slovak English |
| PhysicalDescription: | 12 s. 30 cm |
| Published: |
Bratislava
Slovenský ústav technickej normalizácie
2002
|
| Subjects: |
MARC
| LEADER | 00000nam a2200000 a 4500 | ||
|---|---|---|---|
| 001 | vtls001439565 | ||
| 003 | SK-MaSNL | ||
| 005 | 20260302024233.0 | ||
| 008 | 180126s2002 xo f u 00000 cze | ||
| 040 | |a SNK |b slo |c SNK |e AACR2 | ||
| 041 | |a cze |a slo |h eng | ||
| 044 | |a xo |c SK | ||
| 046 | |a s |m 20020901 (účin. ) 20210201 (zruš. ) | ||
| 072 | 7 | |a 69 |x Stavebníctvo |2 konspekt | |
| 080 | |a 691.15 |2 2011 | ||
| 080 | |a 006.7/8 |2 2011 | ||
| 080 | |a (437.6) |2 2011 | ||
| 080 | |a (4) |2 2011 | ||
| 084 | |a 07.100.99 |2 ICS | ||
| 084 | |a 59.080.70 |2 ICS | ||
| 130 | 0 | |a STN 80 6147 (STN EN 12225) |9 671992 | |
| 245 | 1 | 0 | |a STN EN 12225: 2002 (80 6147), Geotextílie a geotextíliám podobné výrobky. Zisťovanie odolnosti proti mikroorganizmom pomocou skúšky zahrabávaním do pôdy |
| 246 | 1 | 0 | |a Geotextílie a geotextíliám podobné výrobky |
| 246 | 1 | 0 | |a Zisťovanie odolnosti proti mikroorganizmom pomocou skúšky zahrabávaním do pôdy |
| 260 | |a Bratislava |b Slovenský ústav technickej normalizácie |c 2002 | ||
| 300 | |a 12 s. |c 30 cm | ||
| 500 | |a Táto norma nahrádza anglickú verziu normy STN EN 12225 z novembra 2001 | ||
| 500 | |a Norma je nahradená anglickou verziou normy STN EN 12225 z februára 2021 v celom rozsahu | ||
| 500 | |a Spracovateľ: Jarmila Pastiríková | ||
| 500 | |a Súbežný názov v angličtine, francúzštine, nemčine | ||
| 540 | |a STN vydané na akomkoľvek nosiči sa môžu rozmnožovať a rozširovať iba so súhlasom určenej právnickej osoby |b SÚTN Bratislava |c zákon 264/1999 Z. z. | ||
| 650 | 0 | 7 | |a technické normy a štandardy |z Slovensko |2 SNKPH |9 79594 |
| 650 | 0 | 7 | |a technické normy a štandardy |z krajiny Európskej únie |2 SNKPH |9 289341 |
| 650 | 0 | 7 | |a geotextílie |2 SNKPH |9 79577 |
| 650 | 0 | 7 | |a Geotextiles |2 SNKPHeng |9 311819 |
| 655 | 7 | |a normy |2 SNKPH |9 70643 | |
| 700 | 1 | |a Pastiríková, Jarmila |4 trl |9 530130 | |
| 852 | |a Štátna vedecká knižnica v Banskej Bystrici | ||
| 999 | |c 1039749 |d 1041679 | ||
| 952 | |t P60, <03>, [BOOK], {603} |a SNK |b SNK |y PREZ |7 0 |p 17A0353060 |o snkSTN EN 12225 |i snkN 1739/2002 |0 0 |1 0 |4 0 |d 2002-08-20 |l 0 |r 2005-01-02 00:00:00 |w 2026-02-24 | ||
| 952 | |a SNK |b SNK |y PREZ |7 0 |p 17A0353061 |o snkSTN EN 12225 D1 |i snkN 1740/2002 |0 0 |1 0 |4 0 |d 2002-08-20 |l 0 |r 2005-01-02 00:00:00 |w 2026-02-24 | ||


